Reforma al impuesto a las ganancias. Ley 26.893 (Registro nro. 3490)
[ vista simple ]
| 000 -LEADER | |
|---|---|
| fixed length control field | 01369 a2200253 4500 |
| 001 - CONTROL NUMBER | |
| control field | 41385 |
| 005 - DATE AND TIME OF LATEST TRANSACTION | |
| control field | 20260407155708.0 |
| 008 - FIXED-LENGTH DATA ELEMENTS--GENERAL INFORMATION | |
| fixed length control field | 260407a2013 arg spa d |
| 003 - CONTROL NUMBER IDENTIFIER | |
| control field | AR-UNSa-BCEJYS |
| 040 ## - CATALOGING SOURCE | |
| Original cataloging agency | AR-UNSa-BCEJYS |
| Language of cataloging | spa |
| Transcribing agency | AR-UNSa-BCEJYS |
| 080 ## - UNIVERSAL DECIMAL CLASSIFICATION NUMBER | |
| Universal Decimal Classification number | 336.226.1 |
| Common auxiliary subdivision | Impuestos a las ganancias o los beneficios (Impuesto Diferido) |
| 041 ## - LANGUAGE CODE | |
| Language code of text/sound track or separate title | spa |
| 100 1# - MAIN ENTRY--PERSONAL NAME | |
| Personal name | Rolando, Félix José |
| 245 10 - TITLE STATEMENT | |
| Title | Reforma al impuesto a las ganancias. Ley 26.893 |
| Name of part/section of a work | Venta de acciones y otros títulos valores. Dividendos y distribución de utilidades |
| 264 #1 - PRODUCTION, PUBLICATION, DISTRIBUTION, MANUFACTURE, AND COPYRIGHT NOTICE | |
| Place of production, publication, distribution, manufacture | Buenos Aires : |
| Name of producer, publisher, distributor, manufacturer | Errepar |
| Date of production, publication, distribution, manufacture, or copyright notice | 2013 |
| 300 ## - PHYSICAL DESCRIPTION | |
| Extent | 45 p. |
| Dimensions | 21 cm. |
| 505 ## - FORMATTED CONTENTS NOTE | |
| Formatted contents note | 1. Resultado por la venta de valores y percepción de utilidades distribuidas por sociedades. Análisis de la reforma en el impuesto a las ganancias / Paola E. Dreiling y Félix J. Rolando - 2. Reforma a la ley de impuesto a las ganancias. Su análisis y opinión / Carlos J. Gutiérrez - 3. Gravabilidad de resultados por venta de acciones y otros títulos valores y de la distribución de dividendos en el impuesto a las ganancias / José A. Moreno Gurrea |
| 590 ## - LOCAL NOTE (RLIN) | |
| Local note | niveau_biblio:m niveau_hierar:0 |
| 700 1# - ADDED ENTRY--PERSONAL NAME | |
| Personal name | Dreiling, Paola E. |
| 700 1# - ADDED ENTRY--PERSONAL NAME | |
| Personal name | Gutiérrez, Carlos J. S. |
| 700 1# - ADDED ENTRY--PERSONAL NAME | |
| Personal name | Moreno Gurrea, José A. |
| 856 41 - ELECTRONIC LOCATION AND ACCESS | |
| Uniform Resource Identifier | <a href="https://biblioeco.unsa.edu.ar/pmb/images/libros/E00048.jpg">https://biblioeco.unsa.edu.ar/pmb/images/libros/E00048.jpg</a> |
| Link text | Imagen de portada |
| Electronic format type | image/jpeg |
| 942 ## - ADDED ENTRY ELEMENTS (KOHA) | |
| Koha item type | |
| Withdrawn status | Lost status | Damaged status | Not for loan | Home library | Current library | Shelving location | Date acquired | Total checkouts | Full call number | Barcode | Date last seen | Price effective from | Koha item type |
|---|---|---|---|---|---|---|---|---|---|---|---|---|---|
| Biblioteca Prof. Eusebio Cleto del Rey | Biblioteca Prof. Eusebio Cleto del Rey | 07/04/2026 | E336.226.1 R332/ER | E00048 | 07/04/2026 | 07/04/2026 | Libro |